000 00528nam a2200169 4500
001 144149
003 ES-MaACL
005 20230906200944.0
007 t|
008 070214s1933 fr r ||||1| fre d
100 1 _aSieburg, Friedrich.
_9106217
245 1 0 _aDéfense du nationalisme allemand /
_cFriedrich Sieburg ; traduit de l'allemand par Pierre Klossowski.
260 _aParis :
_b[s.n.],
_c1933 (
_fImp. Foch)
300 _aVII, 287 p. ;
_c19 cm.
700 1 _aKlossowski, Pierre.
_968294
852 _aES-MaACL
_jB-12542
999 _c144149
_d144149